Guess the Early-Modern Philosopher - Statistics

General Stats
  • This quiz has been taken 24 times
    21 since last reset
  • The average score is 14 of 24
Answer Stats
Picture Hint Answer % Correct
Cogito, ergo sum René Descartes
100%
Categorical Imperative Immanuel Kant
92%
the Prince Niccolo Machiavelli
92%
Candide François Marie "Voltaire" Arouet
83%
Contrat social Jean-Jacques Rousseau
83%
Leviathan Thomas Hobbes
83%
Phenomenology of Spirit Georg W.F. Hegel
75%
Tabula rasa John Locke
75%
the Invisible Hand Adam Smith
67%
Deus sive Natura Baruch Spinoza
67%
problem of Induction David Hume
67%
Scientific method Francis Bacon
67%
Fear and Trembling Søren Kierkegaard
67%
Esse est percipi George Berkeley
58%
Monadology Gottfried W. Von Leibniz
58%
Wager Blaise Pascal
50%
Separation of Power Charles-Louis de Secondat "Montesquieu"
50%
Encyclopédie Denis Diderot
42%
Volksgeist Johann Gottfried Von Herder
33%
feminist philosophy Mary Wollstonecraft
33%
cosmology Giordano Bruno
25%
Cartesian-Platonism synthesis Nicolas Malebranche
17%
Elementorum iurisprudentiae universalis Samuel Von Pufendorf
17%
neoconfucianism Wang Yangming
17%
No matching quizzes found
Score Distribution
Percent of People with Each Score
Percentile by Number Answered
Your Score History
You have not taken this quiz since the last reset